000
00286nam a22001217a 4500
008
9788178794075
040
_a
17
100
_a
Kutty K.Dr.Suresh
245
_a
Research Methods in Physical education
260
_a
New Delhi
_b
Sports publication
_c
14/10/2024
300
_a
143
942
_c
01
999
_c
64433
_d
64433